Karol Marx - personálna bibliografia

Bibliographic Details
Main Author: Kresnyeová, Eva (Author)
Format: Book
Language:Slovak
Subjects:

MARC

LEADER 00000nam a2200000 a 4500
001 vtls010639719
003 SK-MaSNL
005 20260301215308.0
008 250313s1978 xo f b 000 0dslo
015 |a SNBA1978 
035 |a EFD6788E-9E42-4AD3-8085-2408FC187229 
035 |a urn:nbn:sk:snk-amjzne 
035 |a urn:nbn:sk:snk-am007ygk 
040 |a SNK  |b slo  |c SNK  |e AACR2 
041 0 |a slo 
043 |a e-gx--- 
044 |a xo  |c SK 
080 |a 101-051  |2 2001 
080 |a 141.82  |2 2001 
080 |a (01)  |2 2001 
100 1 |a Kresnyeová, Eva  |4 aut  |9 363590 
245 1 0 |a Karol Marx - personálna bibliografia  |c Eva Kresnyeová 
600 1 7 |a Marx, Karl,  |d 1818-1883  |2 SNKMA  |9 102765 
648 7 |a 19. stor.  |2 SNKPH  |9 278793 
650 0 7 |a filozofi  |2 SNKPH  |9 23475 
650 0 7 |a marxizmus  |2 SNKPH  |9 2153 
651 7 |a Nemecko  |2 SNKPH  |9 21020 
655 7 |a bibliografie  |2 SNKPH  |9 28668 
852 |a Slovenská národná knižnica 
958 |a OND 
958 |a RM 
958 |a BC 
958 |a KL 
999 |c 927660  |d 929590 
952 |a SNK  |b SNK  |y PREZ  |7 0  |p 17A0992525  |o snkSB 33045  |i snkKSP 1361/82  |0 0  |1 0  |4 0  |d 2014-12-01  |f 1  |l 0  |r 2025-04-08 00:00:00  |w 2026-02-24